000 00836nam a2200217Ii 4500
003 JO-AjNU
008 230605s9999||||xx |||||||||||||| ||und||
040 _aJO-AjNU
_bara
_erda
_cJO-AjNU
041 _aara
050 1 4 _aHQ32 .S53 1986
100 3 _aتاليف: نخبة من اساتذة كليات الطب ؛ اعداد: محمد رفعت,
_eauthor
_918004
245 0 0 _aالشاب من الطفولة إلى الزفاف
250 _aط1
264 3 1 _aبيروت: مؤسسة عز الدين للطباعة والنشر، 1986
300 _a191ص
_bيحتوي على ببلوغرافية من 190-191ص
336 _atext
_btxt
_2rdacontent
337 _aunmediated
_bn
_2rdamedia
338 _avolume
_bnc
_2rdacarrier
490 0 _aموسوعة طبيب العائلة
650 4 _aالشباب - صحة ونظافة 
_918005
999 _aA5677
_c9245
_d9245